000 00305nam a2200121Ia 4500
008 190802s9999 xx 000 0 und d
020 _a978-1-4939-4472-9
100 _aDick Grune Kees van
245 0 _aModern Compiler Design
260 _aNew Delhi
_bMcGraw Hill
_c2012
300 _a822:p
942 _cBK
999 _c2331
_d2331